| 000 | 01805nam a2200253 a 4500 | ||
|---|---|---|---|
| 001 | 000048689 | ||
| 005 | 20201002061331.0 | ||
| 008 | 190408s2016 dr 000 0 spa d | ||
| 020 | _a9789945588675 | ||
| 040 |
_aDO-SdBNP _bspa _cBNPHU |
||
| 082 |
_axxxx _bM766i |
||
| 100 | 1 |
_aMontás, Keiselim A., _d1968- _937736 |
|
| 245 | 1 | 0 |
_aÍnfimas apreciaciones literarias : _b(Desde Cervantes hasta Perlongher en vuelo de pájaro) / _cKeiselim A. Montás. |
| 260 |
_aSanto Domingo : _bEditora Nacional, _c2016. |
||
| 300 |
_a108 p. ; _c24 cm. |
||
| 490 | 1 | _aUltramar | |
| 500 | _aIncluye datos biográficos del autor en la solapa de la cubierta | ||
| 500 | _aIncluye referencias bibliográficas al final de los capítulos | ||
| 500 | _aIncluye referencias bibliográficas y notas al pie de las páginas | ||
| 505 | 0 |
_aLa cordura de Don Quijote y su locura como artificio de héroe -- _tLo fugaz de la vida: carpe diem y agonía de la vida en Quevedo, distancia y cercanía a Unamuno -- _tPrecario bosquejo con pincel bajtiniano de Doña Perfecta, Misericordia y Cañas y barro -- _tBorges, el del espejo; el Otro -- _tResumen crítico de La rebelión del hombre , ensayo de Ernesto Sábato -- _tLa homosexualidad en Bienvenido, Bob: esperpento de una lectura alternativa -- _tLa "espacialización" como técnica narrativa básica de Pedro Páramo: ¿cómo es y cómo figura en la relación texto/lector? -- _tTres Tristes Tigeres: ensayo general: serio/no serio y ensayo específico: juegos de lenguaje -- _tYo una mujer, Yo la Mujer: culinaria, literaria -- _tEl manifiesto postmodernista en Usted también podrá disfrutar de ella -- _tPerlongher, el neobarroco y su factura poética --. |
|
| 586 | _aXI Premio de Ensayo Letras de Ultramar 2015. | ||
| 590 | _aInventariado, 2019/LP | ||
| 830 | 0 |
_aUltramar _91892 |
|
| 999 |
_c48177 _d48177 |
||